Wird geladen...

Wordsworth's revisitings

Bibliographische Detailangaben
1. Verfasser: Stephen Gill
Format: Printed Book
Veröffentlicht: Oxford Oxford University Press 2011
Schlagworte:
LEADER 00677nam a22002051a 4500
020 |a 9780199268771  |c 0.00 
040 |a SSUS - Library - Kalady 
082 |a 821.007  |b STE/W 
100 |a Stephen Gill 
245 |a Wordsworth's revisitings   |h [Text] 
260 |a Oxford  |b Oxford University Press  |c 2011 
300 |a 265p. 
600 |a Literature English 
600 |a Literature 
600 |a Poetry English Study 
600 |a Poetry Wordsworth Study 
852 |h 821.007  |i STE/W  |p 064549  |9 1931.00  |t 0 
942 |c BK 
999 |c 51235  |d 51235 
952 |0 0  |1 0  |4 0  |6 821_007000000000000_STE_W  |7 0  |9 74586  |a SSUS  |b SSUS  |d 2015-01-08  |g 1931.00  |o 821.007 STE/W  |p 064549  |r 2015-01-08  |v 0.00  |w 2015-01-08  |y BK